Lesser-Known Cities Quiz - Statistics

General Stats
  • This quiz has been taken 40 times
  • The average score is 12 of 18
Answer Stats
Population Hint Country City % Correct
5,000,000 Southeastern city home to a major port on the Bay of Bengal Bangladesh Chittagong
83%
4,175,000 Largest city in the Xinjiang Uyghur region China Urumqi
81%
4,850,000 Major city of Northern Nigeria located in the Sahel Nigeria Kano
78%
3,850,000 City in the far-east of South America and the Venice of Brazil Brazil Recife
78%
1,580,000 Capital of Bali Indonesia Denpasar
75%
2,675,000 Coastal city on a "lake" of the same name Venezuela Maracaibo
75%
2,775,000 Oldest city of the Philippines, largest city of the Visayas region Philippines Cebu
72%
7,050,000 Inland city on Java which hosted the first Asian-African Conference in 1955 Indonesia Bandung
69%
2,575,000 Home to a major port on the Persian Gulf Saudi Arabia Dammam
67%
1,700,000 Largest city in Siberia, on the Ob river Russia Novosibirsk
67%
1,600,000 Has a Las Vegas casino named after it, founded by King Mindon Myanmar Mandalay
64%
3,075,000 Historical capital of the Ashanti Empire, near lake Bosumtwi Ghana Kumasi
61%
1,030,000 Pacific seaport known for colorful buildings Chile Valparaiso
61%
2,750,000 Largest city on Kyushu island Japan Fukuoka
58%
2,425,000 Largest Pashtun-majority city in Pakistan Pakistan Peshawar
58%
1,140,000 "The blue and white city" at the northern tip of Morocco Morocco Tangier
58%
1,430,000 Home to the Golden Temple, a major Sikh Gurudwara India Amritsar
50%
1,260,000 Largest city on the Yucatan Peninsula Mexico Merida
47%
No matching quizzes found
Score Distribution
Percent of People with Each Score
Percentile by Number Answered
Your Score History
You have not taken this quiz